| 000 | 00854nam a2200301Ia 4500 | ||
|---|---|---|---|
| 008 | 181129s9999 xx 000 0 und d | ||
| 020 | _a9789715697705 | ||
| 050 | _bR696 2013 | ||
| 100 | _aRodrigo, Didith T. | ||
| 245 | 2 | _aA time to grow / | |
| 245 | 0 | _cby Didith T. Rodrigo ; illustrated by Abigail Montana. | |
| 260 | _aMakati, Philippines : | ||
| 260 | _bBookmark, | ||
| 260 | _c2013 | ||
| 300 | _a16 pages : | ||
| 300 | _bcolor illustrations ; | ||
| 300 | _c25cm. | ||
| 440 | _aModern heroes for the Filipino youth. | ||
| 650 | _aBusinesswomen -- | ||
| 650 | _aEntrepreneurship. | ||
| 650 | _aPhilippine literature for kids. | ||
| 650 | _aSantiago, Margarita Dela Cruz. | ||
| 650 | _aSuccess in business. | ||
| 650 | _xPhilippines -- Biography. | ||
| 700 | _aMontana, Abigail. | ||
| 700 | _aSeries. | ||
| 700 | _aTitle. | ||
| 999 |
_c360216 _d360216 |
||